Lapovanie a leštenie kovových materiálov : Bakalárska práca

Salvato in:
Dettagli Bibliografici
Autori principali: Lipa, Zdenko, 1944- (xxx), Asztalosová, Zuzana (Autore)
Natura: Manoscritto Libro
Lingua:slovacco
Pubblicazione: Trnava : STU v Bratislave MtF KOM, 2006
Soggetti:
Tags: Aggiungi Tag
Nessun Tag, puoi essere il primo ad aggiungerne!!

MARC

LEADER 00000ntm a22000003a 4500
001 stu129539
005 20160719155610.5
008 061113s2006----xo------------------slo-d
040 |a STU  |b slo 
041 0 |a slo 
044 |a xo 
100 1 |a Lipa, Zdenko,  |d 1944-  |4 xxx  |u M3000  |U MTF Materiálovotechnologická fakulta  |T MTF Ústav výrobných technológií  |X 319  |U M3000  |Y 83  |7 A000000319 
245 1 |a Lapovanie a leštenie kovových materiálov :  |b Bakalárska práca 
260 |a Trnava :  |b STU v Bratislave MtF KOM,  |c 2006 
300 |a 53 s  |c 1 CD-ROM 
650 7 |a technológie strojárskej výroby  |2 stusub 
650 7 |a drsnosť povrchu  |2 stusub 
650 7 |a obrábanie  |2 stusub 
650 7 |a lapovanie  |2 stusub 
650 7 |a leštenie  |2 stusub 
700 1 |a Asztalosová, Zuzana  |4 aut 
996 |b 284M074797  |c M*BP-2014  |l MMSKP  |s P  |a 0  |w stu129539_0001